<?xml version="1.0" encoding="UTF-8"?>
<record
    xmlns:xsi="http://www.w3.org/2001/XMLSchema-instance"
    xsi:schemaLocation="http://www.loc.gov/MARC21/slim http://www.loc.gov/standards/marcxml/schema/MARC21slim.xsd"
    xmlns="http://www.loc.gov/MARC21/slim">

  <leader>01199nam0a2200313   4500</leader>
  <controlfield tag="001">RU\NLR\ONL2\25591</controlfield>
  <controlfield tag="005">20260409001308.0</controlfield>
  <datafield tag="035" ind1=" " ind2=" ">
    <subfield code="a">(NLR Aleph) 010212546</subfield>
  </datafield>
  <datafield tag="090" ind1=" " ind2=" ">
    <subfield code="a">13646705</subfield>
    <subfield code="c">13646705</subfield>
  </datafield>
  <datafield tag="100" ind1=" " ind2=" ">
    <subfield code="a">20121121d1956    u  y0rusy50      ca</subfield>
  </datafield>
  <datafield tag="101" ind1="0" ind2=" ">
    <subfield code="a">aze</subfield>
  </datafield>
  <datafield tag="102" ind1=" " ind2=" ">
    <subfield code="a">AZ</subfield>
  </datafield>
  <datafield tag="105" ind1=" " ind2=" ">
    <subfield code="a">y |||||||||</subfield>
  </datafield>
  <datafield tag="200" ind1="1" ind2=" ">
    <subfield code="a">&#x418;&#x43C;&#x43B;&#x430; &#x43C;&#x4D9;'&#x4B9;&#x43C;&#x443;&#x4D9;&#x441;&#x438;</subfield>
    <subfield code="e">V-VIII &#x441;&#x438;&#x43D;&#x438;&#x444; &#x443;&#x447;&#x443;&#x43D; &#x43C;&#x435;&#x442;&#x43E;&#x434;&#x438;&#x43A; &#x432;&#x44D;&#x441;&#x430;&#x438;&#x442;</subfield>
    <subfield code="f">&#x4D8;. &#x420;. &#x4D8;&#x444;&#x4D9;&#x43D;&#x434;&#x438;&#x437;&#x430;&#x434;&#x4D9;</subfield>
  </datafield>
  <datafield tag="210" ind1=" " ind2=" ">
    <subfield code="a">&#x411;&#x430;&#x43A;&#x44B;</subfield>
    <subfield code="c">&#x410;&#x437;&#x44D;&#x440;&#x43D;&#x44D;&#x448;&#x440;</subfield>
    <subfield code="d">1956</subfield>
  </datafield>
  <datafield tag="215" ind1=" " ind2=" ">
    <subfield code="a">108 &#x441;.</subfield>
    <subfield code="d">20</subfield>
  </datafield>
  <datafield tag="541" ind1="1" ind2=" ">
    <subfield code="6">z01790</subfield>
    <subfield code="a">&#x421;&#x431;&#x43E;&#x440;&#x43D;&#x438;&#x43A; &#x434;&#x438;&#x43A;&#x442;&#x430;&#x43D;&#x442;&#x43E;&#x432;</subfield>
    <subfield code="e">&#x43C;&#x435;&#x442;&#x43E;&#x434;. &#x43F;&#x43E;&#x441;&#x43E;&#x431;&#x438;&#x435; &#x434;&#x43B;&#x44F; &#x443;&#x447;&#x438;&#x442;&#x435;&#x43B;&#x435;&#x439; V-VIII &#x43A;&#x43B;&#x430;&#x441;&#x441;&#x43E;&#x432;</subfield>
    <subfield code="z">rus</subfield>
  </datafield>
  <datafield tag="606" ind1="0" ind2=" ">
    <subfield code="a">&#x410;&#x437;&#x435;&#x440;&#x431;&#x430;&#x439;&#x434;&#x436;&#x430;&#x43D;&#x441;&#x43A;&#x438;&#x439; &#x44F;&#x437;&#x44B;&#x43A;</subfield>
    <subfield code="x">&#x41F;&#x440;&#x435;&#x43F;&#x43E;&#x434;&#x430;&#x432;&#x430;&#x43D;&#x438;&#x435;</subfield>
    <subfield code="x">&#x421;&#x440;&#x435;&#x434;&#x43D;&#x44F;&#x44F; &#x448;&#x43A;&#x43E;&#x43B;&#x430;</subfield>
    <subfield code="9">2175956</subfield>
    <subfield code="3">RU\NLR\auth-onl\66323</subfield>
  </datafield>
  <datafield tag="686" ind1="1" ind2=" ">
    <subfield code="a">&#x427;426.151</subfield>
  </datafield>
  <datafield tag="700" ind1=" " ind2="1">
    <subfield code="a">&#x4D8;&#x444;&#x4D9;&#x43D;&#x434;&#x438;&#x437;&#x430;&#x434;&#x4D9;</subfield>
    <subfield code="b">&#x4D8;. &#x420;.</subfield>
    <subfield code="g">&#x4D8;&#x437;&#x438;&#x437; &#x420;&#x4D9;&#x4B9;&#x4D9;&#x431; &#x43E;&#x493;&#x43B;&#x443;</subfield>
    <subfield code="4">070</subfield>
  </datafield>
  <datafield tag="790" ind1=" " ind2="1">
    <subfield code="6">z01541</subfield>
    <subfield code="a">&#x42D;&#x444;&#x435;&#x43D;&#x434;&#x438;&#x437;&#x430;&#x434;&#x435;</subfield>
    <subfield code="b">&#x410;. &#x420; .</subfield>
    <subfield code="g">&#x410;&#x437;&#x438;&#x437; &#x420;&#x430;&#x434;&#x436;&#x430;&#x431; &#x43E;&#x433;&#x43B;&#x44B;</subfield>
    <subfield code="4">070</subfield>
  </datafield>
  <datafield tag="801" ind1=" " ind2="0">
    <subfield code="a">RU</subfield>
    <subfield code="b">NLR</subfield>
    <subfield code="c">20130320</subfield>
    <subfield code="g">PSBO</subfield>
  </datafield>
  <datafield tag="852" ind1=" " ind2=" ">
    <subfield code="a">NLR</subfield>
    <subfield code="j">&#x410;&#x437;&#x435;&#x440;&#x431;./2-8214</subfield>
  </datafield>
  <datafield tag="852" ind1=" " ind2=" ">
    <subfield code="a">NLR</subfield>
    <subfield code="b">&#x41E;&#x41D;&#x41B;</subfield>
  </datafield>
  <datafield tag="942" ind1=" " ind2=" ">
    <subfield code="c">BOOK</subfield>
  </datafield>
  <datafield tag="980" ind1=" " ind2=" ">
    <subfield code="a">ONL_RF</subfield>
  </datafield>
  <datafield tag="980" ind1=" " ind2=" ">
    <subfield code="a">NB</subfield>
  </datafield>
</record>
